| 000 | 00946nam a22002897a 4500 | ||
|---|---|---|---|
| 003 | CHAP | ||
| 005 | 20220329134846.0 | ||
| 008 | 971013s1968 r 10010 d | ||
| 010 | _a27028 | ||
| 011 | _a28000 | ||
| 035 | _a32101 | ||
| 040 | _cCHAP | ||
| 082 |
_a026.63 _bC6 1965 |
||
| 111 | 0 | 0 |
_aCongreso Mundial de la Asociación Internacional de Bibliotecarios y Documentalistas Agrícolas ( _n3 _d: 1965 _c: Washington) _926866 |
| 245 | _aProceedings | ||
| 260 |
_aOxford : _bI.A.A.L.D., _c1968 |
||
| 300 | _a177 p. | ||
| 590 |
_aBATCH-UPD _b10 _c20130110 _lUCH01 _h2314 |
||
| 590 |
_aBATCH-UPD _b10 _c20130410 _lUCH01 _h1605 |
||
| 590 |
_aBATCH-UPD _b10 _c20130914 _lUCH01 _h0624 |
||
| 590 |
_aBATCH-UPD _b10 _c20130914 _lUCH01 _h2122 |
||
| 590 |
_aCONVERSION _b10 _c20130109 _lUCH01 _h1316 |
||
| 650 | 1 | 4 |
_aBibliotecas agrícolas _xCongresos. _912542 |
| 901 | _aBK | ||
| 942 | _cLIBRO | ||
| 949 |
_a026.63 C6 1965 _bBC _cB _d-74296 _eB _h19792 _i32101 _si |
||
| 999 |
_c27028 _d27028 |
||